skbl

Dr Suryya Kumar Bhuyan Library Web-OPAC
ডঃ সূৰ্য্য
কুমাৰ ভূঞা পুথিভঁৰাল ৱেব-অ'পেক

All Research Scholars are advised to clear the annual library fees to continue using Library Resources, Remote Access, Plagiarism Test and Library Clearance.

Cotton University Book Fair 2026

Who Will Cry When You DieVol--4 : (Record no. 62086)

MARC details
000 -LEADER
fixed length control field 00506nam a2200169Ia 4500
001 - CONTROL NUMBER
control field 60967
008 - FIXED-LENGTH DATA ELEMENTS--GENERAL INFORMATION
fixed length control field 161028n ii |||gr||||Z||||||465
020 ## - INTERNATIONAL STANDARD BOOK NUMBER
International Standard Book Number 9788179929827
082 ## - DEWEY DECIMAL CLASSIFICATION NUMBER
Classification number 822.33
100 ## - MAIN ENTRY--PERSONAL NAME
Personal name Sarma,Robin .
245 #0 - TITLE STATEMENT
Title Who Will Cry When You DieVol--4 :
Remainder of title Life Lessions From The Monk Who Sold His Ferrari /
Statement of responsibility, etc. By Robin Sarma .
Medium Textual Documents
250 ## - EDITION STATEMENT
Edition statement First--2009.
260 ## - PUBLICATION, DISTRIBUTION, ETC.
Place of publication, distribution, etc. Bombay
Name of publisher, distributor, etc. Jaico Publishing House
300 ## - PHYSICAL DESCRIPTION
Extent 210pg:
Dimensions 23cm.
653 ## - INDEX TERM--UNCONTROLLED
Uncontrolled term G--philosophy
942 ## - ADDED ENTRY ELEMENTS (KOHA)
Source of classification or shelving scheme Dewey Decimal Classification
Koha item type Books
Holdings
Withdrawn status Lost status Damaged status Not for loan Collection Home library Current library Shelving location Date acquired Coded location qualifier Cost, normal purchase price Total checkouts Full call number Barcode Date last seen Copy number Price effective from Koha item type
          Dr. Suryya Kumar Bhuyan Library Dr. Suryya Kumar Bhuyan Library   28/10/2016 00000 1595.00   158.1 Sh 11Wh 3229/gift 14/01/2024 1 28/10/2016 Books

Designed and Maintained by Team SKBL
©1901-2026

Powered by Koha